Drapeaux des départements français n°5 (Métropole + DROM COM) - Statistiques

Statistiques générales
  • Ce quiz a été pris 26 fois
  • Le résultat moyen est 11 sur 18
Statistiques - réponses
Par images Réponse % Correct
Vendée
93%
Aude
79%
Aube
71%
Marne
71%
Meurthe-et-Moselle
71%
Terres Australes et Antarctiques françaises
71%
Bas-Rhin
57%
Eure
57%
Saône-et-Loire
57%
Vaucluse
57%
Ariège
50%
Bouches-du-Rhône
50%
Hauts-de-Seine
50%
Loiret
50%
Meuse
50%
Aveyron
43%
Gers
43%
Indre
43%
Aucun quiz correspondant
Distribution des résultats
% des personnes avec chaque résultat
Percentile par nombre de réponses
Votre historique - résultats
Vous n’avez pas pris ce quiz